Anthropologie de l'espace : Habiter, fonder, distribuer, transformer (notice n° 1568775)

détails MARC
000 -LEADER
fixed length control field 01413cam a2200133 4500500
005 - DATE AND TIME OF LATEST TRANSACTION
control field 20251214005326.0
041 ## - LANGUAGE CODE
Language code of text/sound track or separate title fre
042 ## - AUTHENTICATION CODE
Authentication code dc
100 10 - MAIN ENTRY--PERSONAL NAME
Personal name Ségaud, Marion
Relator term author
245 00 - TITLE STATEMENT
Title Anthropologie de l'espace : Habiter, fonder, distribuer, transformer
260 ## - PUBLICATION, DISTRIBUTION, ETC.
Name of publisher, distributor, etc. Armand Colin,<br/>
Date of publication, distribution, etc. 2010.<br/>
520 ## - SUMMARY, ETC.
Summary, etc. Dans nos sociétés de la mobilité et de la mondialisation, comment rendre compte de la dimension culturelle des territoires et de la complexité des espaces ? Les déterminants anthropologiques sont souvent oubliés, mais ils n’ont pas disparu : nos espaces quotidiens restent empreints de règles, obéissent à des conventions et répondent à des valeurs, le plus souvent implicites. D’où l’intérêt de cette synthèse et réflexion sur les formes et les usages de l’espace. Si toutes les sociétés ont en commun de fonder, habiter, classer, distribuer, transformer et reformuler, elles le font toutefois de diverses manières. Selon quelles logiques et avec quels enjeux ? Cette 2e édition, enrichie de nouvelles illustrations, développe plus largement la question de la représentation de l'espace. Les étudiants, chercheurs et professionnels trouveront ici une ressource privilégiée pour appréhender de façon globale tous les défis de la spatialité.
856 41 - ELECTRONIC LOCATION AND ACCESS
Uniform Resource Identifier <a href="https://shs.cairn.info/anthropologie-de-l-espace--9782200248154?lang=fr&redirect-ssocas=7080">https://shs.cairn.info/anthropologie-de-l-espace--9782200248154?lang=fr&redirect-ssocas=7080</a>

Pas d'exemplaire disponible.

PLUDOC

PLUDOC est la plateforme unique et centralisée de gestion des bibliothèques physiques et numériques de Guinée administré par le CEDUST. Elle est la plus grande base de données de ressources documentaires pour les Étudiants, Enseignants chercheurs et Chercheurs de Guinée.

Adresse

627 919 101/664 919 101

25 boulevard du commerce
Kaloum, Conakry, Guinée

Réseaux sociaux

Powered by Netsen Group @ 2025